000 01148aam a2200313 c 4500
001 18162
003 CO-MdBIC
005 20210918090536.0
008 210918t2003 gw ||||| |||| 00| 0 eng d
020 _a978-3-438-05124-0
040 _bspa.
_aCO-MdFUSB
_cCO-MdFUSB
_dCO-MdFUSBC
_erda
041 _aeng
_agrc
082 0 4 _aR 487.4 G7935g
245 1 0 _aGreek-english lexicon of the septuagint / Compilado por Johan Lust , Erik Eynikel , Katrin Hauspie
_c/
250 _aEd. Revisada
260 _aStuttgart, Alemania : Deutsche Bibelgesellschaft
264 1 _aStuttgart, Alemania :
_bDeutsche Bibelgesellschaft,
_c[2003]
264 4 _c© 2003
300 _a678 p.
_c;
336 _2rdacontent
_atexto
_btxt
337 _2rdamedia
_asin mediación
_bn
338 _2rdacarrier
_avolumen
_bnc
501 _apasta dura
505 0 0 _aTraducción griega de la Septuaginta -- Libros de la Biblia -- Códigos morfológicos -- Abreviación general -- publicaciones periódicas, series, léxicos y enciclopedias -- Léxico Griego-Ingles de la septuaginta
653 _aGreek-English
653 _aLexicon
942 _cBK
945 _aEstudiante
999 _c44635
_d44635